[Event "Amsterdam Science Park op-A"]
[Site "Amsterdam"]
[Date "2025.07.13"]
[Round "9"]
[White "Goudriaan, Etienne"]
[Black "Pham, Khoi"]
[Result "1/2-1/2"]
[WhiteElo "2322"]
[BlackElo "2358"]
[PlyCount "112"]
[EventDate "2025.07.05"]
[EventType "swiss"]
[EventRounds "9"]
[EventCountry "NED"]
[SourceTitle "CB29_2025"]
[SourceDate "2025.07.16"]
[SourceVersion "1"]
[SourceVersionDate "2025.07.16"]
[SourceQuality "1"]

1. d4 Nf6 2. c4 e6 3. Nc3 Bb4 4. e3 0-0 5. Bd3 d5 6. a3 dxc4 7. Bxc4 Be7 8. Nf3 a6 9. Bd3 c5 10. dxc5 Bxc5 11. b4 Be7 12. Bb2 b5 13. 0-0 Bb7 14. Qe2 Nbd7 15. Rfd1 Qb6 16. a4 Bxf3 17. gxf3 bxa4 18. Nxa4 Qb7 19. Rab1 Bxb4 20. Bxf6 Nxf6 21. Bxa6 Qe7 22. Nb6 Rab8 23. Qb5 Bd6 24. Qc6 Bc7 25. Rdc1 Bxb6 26. Rxb6 Rxb6 27. Qxb6 Nd5 28. Qd4 Qg5+ 29. Kh1 g6 30. Bb7 Ne7 31. Be4 Qh4 32. Qd6 Nc8 33. Qg3 Qf6 34. Kg2 Rd8 35. Rc5 Nd6 36. Bc2 Qb2 37. Qg5 Qb6 38. Rc3 Ne8 39. h4 Rd5 40. Qe7 Qd8 41. Qxd8 Rxd8 42. Rc5 Nf6 43. Be4 Kg7 44. Rc7 Rd7 45. Rxd7 Nxd7 46. f4 Nf6 47. Bf3 Kf8 48. Kf1 Ke7 49. Ke2 Kd6 50. Kd3 h5 51. Kd4 Ng8 52. Bd1 Nh6 53. Bc2 Ng4 54. f3 Nf6 55. e4 Nd7 56. Ba4 e5+ 1/2-1/2

[Event "Amsterdam Science Park op-A"]
[Site "Amsterdam"]
[Date "2025.07.09"]
[Round "5"]
[White "Pham, Khoi"]
[Black "Dovgaliuk, Oleksandr"]
[Result "0-1"]
[WhiteElo "2358"]
[BlackElo "2174"]
[PlyCount "81"]
[EventDate "2025.07.05"]
[EventType "swiss"]
[EventRounds "9"]
[EventCountry "NED"]
[SourceTitle "CB29_2025"]
[SourceDate "2025.07.16"]
[SourceVersion "1"]
[SourceVersionDate "2025.07.16"]
[SourceQuality "1"]

1. e4 c6 2. d4 d5 3. e5 Bf5 4. Be3 Qb6 5. Qc1 e6 6. Nf3 Nd7 7. c4 Bxb1 8. Rxb1 Bb4+ 9. Nd2 c5 10. a3 cxd4 11. Bf4 Bxd2+ 12. Qxd2 Ne7 13. cxd5 Nxd5 14. Bg3 Nc3 15. Rc1 Ne4 16. Qb4 Qxb4+ 17. axb4 Nxg3 18. hxg3 Nxe5 19. f4 Nc6 20. b5 Ne7 21. Rc7 Rb8 22. Bd3 Nd5 23. Rc4 Rd8 24. Rxd4 Nf6 25. Rxd8+ Kxd8 26. Ke2 Kc7 27. Kf3 h5 28. Rc1+ Kb6 29. Be2 Rd8 30. Ke3 Nd5+ 31. Ke4 Nc7 32. Rc2 Rd5 33. Bc4 Rd7 34. Be2 Nxb5 35. Bxh5 Rd5 36. Bf3 Nd6+ 37. Ke3 Rc5 38. Re2 Nf5+ 39. Kd3 Nxg3 40. Rd2 Rc7 41. Ke3 0-1

[Event "Amsterdam Science Park op-A"]
[Site "Amsterdam"]
[Date "2025.07.08"]
[Round "4"]
[White "Ten Dam, Bram"]
[Black "Pham, Khoi"]
[Result "0-1"]
[WhiteElo "2139"]
[BlackElo "2358"]
[PlyCount "92"]
[EventDate "2025.07.05"]
[EventType "swiss"]
[EventRounds "9"]
[EventCountry "NED"]
[SourceTitle "CB29_2025"]
[SourceDate "2025.07.16"]
[SourceVersion "1"]
[SourceVersionDate "2025.07.16"]
[SourceQuality "1"]

1. e4 c5 2. Nf3 d6 3. d4 cxd4 4. Nxd4 Nf6 5. Nc3 a6 6. Bg5 e6 7. f4 h6 8. Bh4 Qb6 9. Qd2 Qxb2 10. Rb1 Qa3 11. Be2 Nbd7 12. 0-0 Be7 13. f5 e5 14. Nb3 0-0 15. Bxf6 Nxf6 16. Nd5 Nxd5 17. Qxd5 Qa4 18. Bd3 Rb8 19. Na5 Bd7 20. Rxb7 Bc6 21. Nxc6 Rxb7 22. Nxe5 Rc7 23. Ng6 Re8 24. Nxe7+ Rcxe7 25. Qxd6 Qxa2 26. f6 Re6 27. Qg3 g6 28. h4 Qb2 29. Qf2 Qb6 30. Qxb6 Rxb6 31. h5 g5 32. Ra1 Rxf6 33. Ra5 Kg7 34. Kh2 Rc6 35. Kg3 Ree6 36. Kf3 Kf6 37. Rf5+ Ke7 38. Ke3 f6 39. g4 Re5 40. Rf1 Rb6 41. Ra1 a5 42. Kd4 Rb4+ 43. Kc3 Rc5+ 44. Kd2 a4 45. Ra2 Ra5 46. c3 Rb6 0-1

[Event "Amsterdam Science Park op-A"]
[Site "Amsterdam"]
[Date "2025.07.05"]
[Round "1"]
[White "Hoffman, Ron"]
[Black "Pham, Khoi"]
[Result "0-1"]
[WhiteElo "2051"]
[BlackElo "2358"]
[PlyCount "36"]
[EventDate "2025.07.05"]
[EventType "swiss"]
[EventRounds "9"]
[EventCountry "NED"]
[SourceTitle "CB29_2025"]
[SourceDate "2025.07.16"]
[SourceVersion "1"]
[SourceVersionDate "2025.07.16"]
[SourceQuality "1"]

1. d4 Nf6 2. Bf4 d5 3. e3 c5 4. Nf3 e6 5. Nbd2 Qb6 6. Rb1 Bd7 7. a3 cxd4 8. exd4 Bb5 9. c4 dxc4 10. Nxc4 Qd8 11. Nd6+ Bxd6 12. Bxb5+ Nc6 13. Bxd6 Qa5+ 14. b4 Qxb5 15. a4 Qd5 16. Bf4 Qe4+ 17. Be3 Nd5 18. Qc1 Nf4 0-1

[Event "Hilversum op"]
[Site "Hilversum"]
[Date "2025.06.22"]
[Round "6"]
[White "Pham, Khoi"]
[Black "Kumar, Prajit Sai"]
[Result "1/2-1/2"]
[WhiteElo "2377"]
[BlackElo "2223"]
[PlyCount "102"]
[EventDate "2025.06.20"]
[EventType "swiss"]
[EventRounds "6"]
[EventCountry "NED"]
[SourceTitle "CB26_2025"]
[SourceDate "2025.06.25"]
[SourceVersion "1"]
[SourceVersionDate "2025.06.25"]
[SourceQuality "1"]

1. d4 d5 2. c4 e6 3. Nf3 Nf6 4. g3 Be7 5. Bg2 0-0 6. 0-0 dxc4 7. Qc2 b5 8. a4 b4 9. Nfd2 Nd5 10. Nxc4 c5 11. dxc5 Bxc5 12. Nbd2 Nd7 13. Nb3 Be7 14. Ne3 Bb7 15. Nxd5 Bxd5 16. Bxd5 exd5 17. Rd1 Nf6 18. Be3 Qd7 19. Kg2 Rfc8 20. Qd3 Rc4 21. Bd4 Rac8 22. Nd2 R4c7 23. Nf3 h6 24. b3 Ne4 25. Be5 Rc5 26. Qd4 f6 27. Bf4 Nc3 28. Rd2 a5 29. Qd3 Qe6 30. Nd4 Qe4+ 31. f3 Qxd3 32. Rxd3 Kf7 33. Bd2 h5 34. h3 g6 35. g4 hxg4 36. hxg4 Bf8 37. Be3 Be7 38. Rh1 R5c7 39. Kf2 Bc5 40. g5 Re7 41. Rh7+ Kg8 42. Rxe7 Bxe7 43. gxf6 Bxf6 44. Ne6 Kf7 45. Nf4 Re8 46. Bb6 g5 47. Nxd5 Rxe2+ 48. Kf1 Rb2 49. Nxf6 Kxf6 50. Bd4+ Kf7 51. Bxc3 Rxb3 1/2-1/2

[Event "Hilversum op"]
[Site "Hilversum"]
[Date "2025.06.20"]
[Round "1"]
[White "Gortemaker, Lucas"]
[Black "Pham, Khoi"]
[Result "0-1"]
[WhiteElo "2037"]
[BlackElo "2377"]
[PlyCount "100"]
[EventDate "2025.06.20"]
[EventType "swiss"]
[EventRounds "6"]
[EventCountry "NED"]
[SourceTitle "CB26_2025"]
[SourceDate "2025.06.25"]
[SourceVersion "1"]
[SourceVersionDate "2025.06.25"]
[SourceQuality "1"]

1. e4 c5 2. Nf3 d6 3. Bb5+ Nd7 4. d4 cxd4 5. Qxd4 a6 6. Bxd7+ Bxd7 7. Nc3 Rc8 8. 0-0 e5 9. Qd3 h6 10. a4 Nf6 11. Nd2 Be7 12. Nc4 Be6 13. Ne3 Qc7 14. Bd2 0-0 15. Rfc1 Qc5 16. Rab1 Bd8 17. Ncd5 Nxd5 18. exd5 Bd7 19. c4 Qd4 20. Qe2 f5 21. Bc3 Qh4 22. Be1 Qg5 23. Nf1 Rf6 24. Rc3 f4 25. Bd2 Rg6 26. Rg3 Bg4 27. Qe4 Qf6 28. Rxg4 Rxg4 29. f3 Bb6+ 30. Kh1 Qg6 31. Qxg6 Rxg6 32. Rc1 Rf6 33. b3 g5 34. h3 h5 35. Bb4 Kf7 36. Rc2 Be3 37. Re2 b5 38. Nxe3 fxe3 39. axb5 axb5 40. cxb5 Rb8 41. Rxe3 Rxb5 42. Ba3 Rxd5 43. Kh2 Rf4 44. Bc1 Rb4 45. Rc3 g4 46. fxg4 hxg4 47. hxg4 Rxg4 48. Rc7+ Ke6 49. Rb7 Rd1 50. Kh3 Rg8 0-1

[Event "Delft OGD Rapid op 24th"]
[Site "Delft"]
[Date "2025.03.15"]
[Round "3"]
[White "Giri, Anish"]
[Black "Pham, Khoi"]
[Result "1-0"]
[WhiteElo "2737"]
[BlackElo "2373"]
[PlyCount "61"]
[EventDate "2025.03.15"]
[EventType "swiss (rapid)"]
[EventRounds "7"]
[EventCountry "NED"]
[SourceTitle "CB12_2025"]
[SourceDate "2025.03.19"]
[SourceVersion "1"]
[SourceVersionDate "2025.03.19"]
[SourceQuality "1"]

1. e4 e5 2. Nf3 Nc6 3. Bc4 Nf6 4. d3 Bc5 5. 0-0 d6 6. c3 0-0 7. Bg5 h6 8. Bh4 a5 9. Nbd2 Ba7 10. a3 Qe7 11. b4 Be6 12. Re1 Bxc4 13. Nxc4 b5 14. Nxa5 Nxa5 15. bxa5 Bb8 16. a4 Rxa5 17. axb5 Rxb5 18. Ra6 Qe6 19. Qa4 Rb2 20. Bxf6 Qxf6 21. d4 exd4 22. cxd4 Qe6 23. d5 Qe8 24. h3 Qc8 25. Nd4 Rb4 26. Qxb4 Qxa6 27. Qc3 g6 28. Ra1 Qb6 29. Nc6 Re8 30. Qc2 Qb7 31. Kh2 1-0

[Event "Roquetas de Mar op 36th"]
[Site "Roquetas de Mar"]
[Date "2025.01.04"]
[Round "5"]
[White "Brodowski, Piotr"]
[Black "Pham, Khoi"]
[Result "0-1"]
[WhiteElo "2469"]
[BlackElo "2296"]
[PlyCount "114"]
[EventDate "2025.01.02"]
[EventType "swiss"]
[EventRounds "9"]
[EventCountry "ESP"]
[SourceTitle "CB02_2025"]
[SourceDate "2025.01.08"]
[SourceVersion "1"]
[SourceVersionDate "2025.01.08"]
[SourceQuality "1"]

1. c4 e6 2. Nf3 d5 3. g3 Nf6 4. Bg2 d4 5. 0-0 Nc6 6. d3 Bc5 7. Na3 0-0 8. Nc2 a5 9. b3 Re8 10. e4 e5 11. a3 Bf8 12. Bd2 Nb8 13. b4 c5 14. h3 Ra7 15. Nh2 b6 16. f4 exf4 17. gxf4 g6 18. bxa5 bxa5 19. Rb1 Bd7 20. Qe1 Nh5 21. Qf2 Nc6 22. e5 Ne7 23. Ng4 Nf5 24. a4 Be7 25. Na3 Nhg3 26. Rfe1 h5 27. e6 Bxe6 28. Ne5 Qc8 29. Nc6 Rc7 30. Rb8 Qd7 31. Nxe7+ Qxe7 32. Rxe8+ Qxe8 33. Nb5 Re7 34. Qf3 Bd7 35. Qa8 Qxa8 36. Bxa8 Rxe1+ 37. Bxe1 Ne2+ 38. Kh2 Nxf4 39. Be4 Ne3 40. Bxa5 f5 41. Bf3 Nxd3 42. Bb6 Kg7 43. a5 Nxc4 44. Nxd4 Nxa5 45. Bxa5 cxd4 46. Bb6 Kh6 47. h4 Ne5 48. Kg3 Bc6 49. Bd1 d3 50. Be3+ Kh7 51. Kf4 Nc4 52. Bd4 Bg2 53. Bb3 d2 54. Kg3 Bf1 55. Bd1 Nd6 56. Kf2 Bh3 57. Ke3 Ne4 0-1

[Event "Groningen op 60th"]
[Site "Groningen"]
[Date "2024.12.22"]
[Round "2"]
[White "Pham, Khoi"]
[Black "Smeets, Kobe"]
[Result "1/2-1/2"]
[WhiteElo "2285"]
[BlackElo "2349"]
[PlyCount "120"]
[EventDate "2024.12.21"]
[EventType "swiss"]
[EventRounds "9"]
[EventCountry "NED"]
[SourceTitle "CB02_2025"]
[SourceDate "2025.01.08"]
[SourceVersion "1"]
[SourceVersionDate "2025.01.08"]
[SourceQuality "1"]

1. d4 d5 2. c4 c6 3. Nf3 Nf6 4. e3 Bf5 5. Nc3 e6 6. Nh4 Be4 7. f3 Bg6 8. Bd2 dxc4 9. Bxc4 b5 10. Nxg6 hxg6 11. Bd3 Nbd7 12. Qc2 a6 13. 0-0-0 c5 14. g4 cxd4 15. exd4 b4 16. Na4 Rc8 17. Bc4 Nd5 18. Kb1 N7b6 19. Nc5 Bxc5 20. Bxa6 Bd6 21. Bxc8 Qxc8 22. Qd3 Qc4 23. Qxc4 Nxc4 24. h4 Kd7 25. Bc1 Be7 26. h5 gxh5 27. Rxh5 Rxh5 28. gxh5 Bf6 29. Rd3 Kc6 30. a3 Kb5 31. h6 gxh6 32. Bxh6 Nd6 33. Bf8 Kc4 34. Rd1 Nb5 35. Bxb4 Nxb4 36. axb4 Bxd4 37. Rc1+ Kd3 38. Rc8 f5 39. Rb8 Nc7 40. b5 Nd5 41. Rd8 Nb6 42. f4 Ke4 43. Rd6 e5 44. fxe5 Kxe5 45. Rd8 f4 46. Re8+ Kd5 47. Kc2 Nc4 48. Rf8 Be3 49. b6 Nxb6 50. Kd3 Nd7 51. Rd8 Kd6 52. Ke4 Ke7 53. Ra8 Nc5+ 54. Kf3 Ne6 55. Ra5 Kf6 56. b4 Bd2 57. Kg4 Nd4 58. Ra8 Ke5 59. Re8+ Kd5 60. Rd8+ Kc4 1/2-1/2

[Event "Amsterdam op 2nd"]
[Site "Amsterdam"]
[Date "2024.11.03"]
[Round "6"]
[White "Pham, Khoi"]
[Black "Stojiljkovic, Stefan Z"]
[Result "1-0"]
[WhiteElo "2264"]
[BlackElo "2141"]
[PlyCount "91"]
[EventDate "2024.11.01"]
[EventType "swiss"]
[EventRounds "6"]
[EventCountry "NED"]
[SourceTitle "CB45_2024"]
[Source "ChessBase"]
[SourceDate "2024.11.06"]
[SourceVersion "1"]
[SourceVersionDate "2024.11.06"]
[SourceQuality "1"]

1. Nf3 d5 2. g3 Nf6 3. Bg2 Bf5 4. 0-0 e6 5. c4 c6 6. Qb3 Qb6 7. d3 Nbd7 8. cxd5 Qxb3 9. axb3 exd5 10. Bd2 Be7 11. b4 Bg4 12. Nd4 0-0 13. h3 Be6 14. Bc3 Rfd8 15. Nd2 Nf8 16. f4 Bd7 17. N2f3 a5 18. bxa5 c5 19. Nc2 d4 20. Bd2 Bc6 21. Na3 Bd5 22. Ne5 Bxg2 23. Kxg2 Nd5 24. Nb5 h5 25. Kf3 Ra6 26. Nc4 Rf6 27. g4 Nxf4 28. g5 Rf5 29. Bxf4 Ng6 30. Kg3 h4+ 31. Kg4 Rdd5 32. Bd2 Ne5+ 33. Nxe5 Rfxe5 34. Bf4 Rxe2 35. Rfe1 Rxg5+ 36. Kf3 Rxb2 37. Bxg5 Bxg5 38. Nd6 Rh2 39. Nxb7 Rxh3+ 40. Ke4 Bd2 41. Re2 f5+ 42. Kxf5 Bc3 43. Rf1 Re3 44. Rxe3 dxe3 45. a6 e2 46. Rh1 1-0

[Event "Amsterdam op 2nd"]
[Site "Amsterdam"]
[Date "2024.11.03"]
[Round "5"]
[White "Ragnarsson, Dagur"]
[Black "Pham, Khoi"]
[Result "1-0"]
[WhiteElo "2347"]
[BlackElo "2264"]
[PlyCount "79"]
[EventDate "2024.11.01"]
[EventType "swiss"]
[EventRounds "6"]
[EventCountry "NED"]
[SourceTitle "CB45_2024"]
[Source "ChessBase"]
[SourceDate "2024.11.06"]
[SourceVersion "1"]
[SourceVersionDate "2024.11.06"]
[SourceQuality "1"]

1. c4 Nf6 2. Nc3 g6 3. g3 Bg7 4. Bg2 0-0 5. Nf3 d6 6. 0-0 e5 7. d3 Nc6 8. Rb1 a5 9. b3 Bf5 10. Nh4 Be6 11. a3 h6 12. e4 Nd7 13. Ne2 Rb8 14. Be3 Nd4 15. Nxd4 exd4 16. Bd2 Kh7 17. f4 Nf6 18. Bxa5 Ra8 19. Bd2 Rxa3 20. f5 Bc8 21. e5 dxe5 22. Bb4 Ra6 23. Bxf8 Bxf8 24. fxg6+ fxg6 25. Qe2 Qe7 26. Rbe1 Bg7 27. Qxe5 Re6 28. Qxe6 Bxe6 29. Bd5 Ng4 30. Rxe6 Qd7 31. Rxg6 Ne5 32. Re6 c6 33. Be4+ Kg8 34. Bf5 Qd8 35. Ng6 Qg5 36. Rf4 Nxg6 37. Rxg6 Qh5 38. Rfg4 Qxf5 39. Rxg7+ Kf8 40. Rf4 1-0

[Event "Barcelona Sants op 25th"]
[Site "Barcelona"]
[Date "2024.09.01"]
[Round "10"]
[White "Pham, Khoi"]
[Black "Alvarez Morales, Miguel"]
[Result "1/2-1/2"]
[WhiteElo "2351"]
[BlackElo "2003"]
[PlyCount "62"]
[EventDate "2024.08.23"]
[EventType "swiss"]
[EventRounds "10"]
[EventCountry "ESP"]
[SourceTitle "CBM 221 Extra"]
[Source "ChessBase"]
[SourceDate "2024.09.30"]
[SourceVersion "1"]
[SourceVersionDate "2024.09.30"]
[SourceQuality "1"]

1. d4 g6 2. e4 Bg7 3. Nf3 c6 4. Nc3 d5 5. h3 dxe4 6. Nxe4 Nf6 7. Nxf6+ exf6 8. Bd3 0-0 9. 0-0 a5 10. Bf4 Na6 11. c3 Nc7 12. Qd2 Be6 13. a4 Bd5 14. Nh2 f5 15. Rfe1 Ne6 16. Bh6 Qh4 17. Bxg7 Kxg7 18. c4 Nf4 19. f3 Qg5 20. Kh1 Be6 21. Rad1 Rfd8 22. Bf1 Qg3 23. Re5 Bxc4 24. Bxc4 Rxd4 25. Rxf5 Rxd2 26. Rxf7+ Kh8 27. Rxd2 Nd5 28. Re2 Qg5 29. f4 Nxf4 30. Rf2 Nh5 31. Rf8+ Rxf8 1/2-1/2

[Event "Barcelona Sants op 25th"]
[Site "Barcelona"]
[Date "2024.08.25"]
[Round "3"]
[White "Coles, Robin"]
[Black "Pham, Khoi"]
[Result "1-0"]
[WhiteElo "2100"]
[BlackElo "2351"]
[PlyCount "89"]
[EventDate "2024.08.23"]
[EventType "swiss"]
[EventRounds "10"]
[EventCountry "ESP"]
[SourceTitle "CBM 221 Extra"]
[Source "ChessBase"]
[SourceDate "2024.09.30"]
[SourceVersion "1"]
[SourceVersionDate "2024.09.30"]
[SourceQuality "1"]

1. e4 c5 2. Nf3 d6 3. Bb5+ Bd7 4. Bxd7+ Nxd7 5. 0-0 e6 6. Qe2 Be7 7. d4 cxd4 8. Nxd4 Ngf6 9. c4 Rc8 10. b3 a6 11. Bb2 Qa5 12. Nc3 Qh5 13. Qxh5 Nxh5 14. Rfd1 g5 15. Nce2 Nhf6 16. f3 h5 17. Rac1 Rg8 18. Nc2 g4 19. Kf2 gxf3 20. gxf3 Ne5 21. Ne3 Nfd7 22. Nf4 Nc5 23. Ke2 h4 24. Rg1 Kd7 25. b4 Na4 26. Bxe5 dxe5 27. Rgd1+ Ke8 28. Nd3 Rd8 29. c5 Bg5 30. Rc2 Bxe3 31. Kxe3 h3 32. Rdc1 f6 33. Nf2 f5 34. c6 bxc6 35. Rxc6 Ke7 36. Rxa6 Nb2 37. exf5 exf5 38. Ra7+ Ke6 39. Ra6+ Ke7 40. Rc5 f4+ 41. Ke4 Rg2 42. Rxe5+ Kf7 43. Ra7+ Kg8 44. Ng4 Re2+ 45. Kf5 1-0

[Event "Amsterdam Science Park op-A"]
[Site "Amsterdam"]
[Date "2024.07.17"]
[Round "5"]
[White "Overeem, Marc"]
[Black "Pham, Khoi"]
[Result "0-1"]
[WhiteElo "2052"]
[BlackElo "2367"]
[PlyCount "78"]
[EventDate "2024.07.13"]
[EventType "swiss"]
[EventRounds "9"]
[EventCountry "NED"]
[SourceTitle "CBM 221 Extra"]
[Source "ChessBase"]
[SourceDate "2024.09.30"]
[SourceVersion "1"]
[SourceVersionDate "2024.09.30"]
[SourceQuality "1"]

1. Nf3 Nf6 2. g3 g6 3. b3 d5 4. Bb2 c5 5. c4 d4 6. b4 Bg7 7. bxc5 Ne4 8. Bg2 Nxc5 9. 0-0 0-0 10. d3 Nba6 11. Nbd2 e5 12. Nb3 Na4 13. Qd2 Re8 14. Ne1 Rb8 15. Rb1 Bd7 16. e3 Nxb2 17. Rxb2 dxe3 18. fxe3 Be6 19. Na5 Nc5 20. Nxb7 Nxb7 21. Rxb7 Rxb7 22. Bxb7 Bxc4 23. Rf2 Be6 24. Bg2 Qb6 25. Nf3 Bh6 26. Re2 f6 27. h3 Rd8 28. Ne1 f5 29. Kh2 Qc5 30. d4 exd4 31. exd4 Bxd2 32. dxc5 Bc4 33. Re5 Kf7 34. c6 Bb4 35. a3 Kf6 36. Nf3 Bd6 37. Ra5 a6 38. Ra4 Bb5 39. c7 Bxc7 0-1

[Event "Hilversum op"]
[Site "Hilversum"]
[Date "2024.06.22"]
[Round "4"]
[White "Pham, Khoi"]
[Black "Hummel, Paul"]
[Result "1-0"]
[WhiteElo "2360"]
[BlackElo "2157"]
[PlyCount "113"]
[EventDate "2024.06.21"]
[EventType "swiss"]
[EventRounds "6"]
[EventCountry "NED"]
[SourceTitle "CBM 220 Extra"]
[Source "ChessBase"]
[SourceDate "2024.07.31"]
[SourceVersion "1"]
[SourceVersionDate "2024.07.31"]
[SourceQuality "1"]

1. d4 Nf6 2. c4 e6 3. Nf3 b6 4. g3 Bb7 5. Bg2 Be7 6. 0-0 0-0 7. Re1 Re8 8. h4 d6 9. Nc3 Nbd7 10. e4 e5 11. d5 a5 12. Qc2 g6 13. Bd2 Bf8 14. a3 Bg7 15. b4 axb4 16. axb4 Qe7 17. Nb5 c6 18. Na7 cxd5 19. cxd5 Nxe4 20. Nc6 Bxc6 21. dxc6 Nxd2 22. cxd7 Qxd7 23. Rxa8 Rxa8 24. Nxd2 d5 25. Nc4 Qc6 26. Ne3 Qxc2 27. Nxc2 Rd8 28. Ne3 d4 29. Nc4 d3 30. Nxb6 f5 31. Bc6 e4 32. b5 Rd4 33. Kf1 Rb4 34. Nc4 Kf8 35. Rc1 Bh6 36. Ne3 Rb2 37. Ra1 Bxe3 38. fxe3 Ke7 39. Ra7+ Kd6 40. g4 Kc5 41. Rd7 Rh2 42. gxf5 gxf5 43. Rd5+ Kb6 44. Bd7 Re2 45. Bxf5 Rxe3 46. Bxh7 Rf3+ 47. Ke1 Rf4 48. h5 Rh4 49. Re5 Rh1+ 50. Kd2 Rh2+ 51. Kc3 Rc2+ 52. Kb3 Rc1 53. Rd5 Rb1+ 54. Kc3 Rc1+ 55. Kd2 Rc2+ 56. Kd1 Re2 57. Bg6 1-0

[Event "Maastricht Limburg 16th"]
[Site "Maastricht"]
[Date "2024.05.19"]
[Round "7"]
[White "Pham, Khoi"]
[Black "Lodici, Lorenzo"]
[Result "0-1"]
[WhiteElo "2399"]
[BlackElo "2563"]
[PlyCount "64"]
[EventDate "2024.05.15"]
[EventType "tourn"]
[EventRounds "9"]
[EventCountry "NED"]
[EventCategory "8"]
[SourceTitle "CBM 220 Extra"]
[Source "ChessBase"]
[SourceDate "2024.07.31"]
[SourceVersion "1"]
[SourceVersionDate "2024.07.31"]
[SourceQuality "1"]

1. Nf3 d5 2. g3 Nc6 3. d4 Bf5 4. Bg2 Nb4 5. Na3 e6 6. 0-0 h6 7. Ne5 Ne7 8. c3 Nbc6 9. Qa4 Nc8 10. Nxc6 Qd7 11. Qb3 bxc6 12. c4 a5 13. c5 g5 14. Qa4 Bg7 15. Nc4 Ne7 16. Ne5 Qc8 17. Bd2 f6 18. Nd3 h5 19. f4 g4 20. Nf2 Qd7 21. b4 e5 22. bxa5 h4 23. dxe5 fxe5 24. Bc3 hxg3 25. hxg3 Qe6 26. Nd3 Qh6 27. Kf2 exf4 28. Bxg7 fxg3+ 29. Ke1 Qxg7 30. Rxf5 Qc3+ 31. Kd1 Rxa5 32. Qxa5 Qxa5 0-1

[Event "Maastricht Limburg 16th"]
[Site "Maastricht"]
[Date "2024.05.18"]
[Round "6"]
[White "Vandenbussche, Thibaut"]
[Black "Pham, Khoi"]
[Result "1-0"]
[WhiteElo "2424"]
[BlackElo "2399"]
[PlyCount "95"]
[EventDate "2024.05.15"]
[EventType "tourn"]
[EventRounds "9"]
[EventCountry "NED"]
[EventCategory "8"]
[SourceTitle "CBM 220 Extra"]
[Source "ChessBase"]
[SourceDate "2024.07.31"]
[SourceVersion "1"]
[SourceVersionDate "2024.07.31"]
[SourceQuality "1"]

1. e4 e5 2. Nf3 Nc6 3. Nc3 Nf6 4. Bb5 Nd4 5. 0-0 c6 6. Bc4 Nxf3+ 7. Qxf3 d6 8. h3 g6 9. Rd1 Bg7 10. d4 exd4 11. Rxd4 0-0 12. Bg5 h6 13. Bh4 g5 14. Bg3 Ne8 15. Rd2 Be6 16. Bb3 Qe7 17. Rad1 Rd8 18. Qe3 Bxb3 19. axb3 f5 20. exf5 Qxe3 21. fxe3 Rxf5 22. Bxd6 Nxd6 23. Rxd6 Rxd6 24. Rxd6 a5 25. Rd8+ Kh7 26. Ne4 b5 27. Rd7 Re5 28. Ng3 Kg8 29. c3 b4 30. cxb4 axb4 31. Rb7 c5 32. Kf2 Rd5 33. Ke2 Bxb2 34. Ne4 Bc3 35. Rc7 Rd8 36. Rxc5 Bg7 37. Rb5 Bc3 38. Rb7 Kf8 39. Rc7 Be5 40. Rc4 Rb8 41. Nc5 Ke7 42. Re4 Kd6 43. Rxe5 Rb5 44. Nd3 Rxe5 45. Nxe5 Kxe5 46. Kd3 h5 47. g3 Kd5 48. e4+ 1-0